[Event "18th IRI-chT Super League 2019"]
[Site "Tehran"]
[Date "2019.11.26"]
[Round "6.1"]
[White "Maghsoodloo, Parham"]
[Black "Idani, Pouya"]
[Result "1-0"]
[WhiteElo "2684"]
[BlackElo "2570"]
[Annotator "TA"]
[PlyCount "75"]
[EventDate "2019.11.23"]
[EventType "team-tourn"]
[EventCountry "IRI"]
[SourceTitle "playchess.com"]
[Source "ChessBase"]
[SourceQuality "1"]

{[%evp 11,75,10,3,-12,-12,-4,2,0,12,-7,-8,-5,0,0,-13,-27,-20,-21,-22,-21,-16,-31,-26,-23,-15,-27,60,60,72,32,82,40,33,25,119,114,110,93,102,90,100,57,51,54,53,53,239,241,275,246,409,375,404,403,650,632,618,604,927,926,1075,1056,985,1010,2055,1995]} 1. c4 c5 2. g3 g6 3. Bg2 Bg7 4. Nc3 Nc6 5. d3 d6 6. Nf3 e6 7. Qd2 {A37: Symmetrical English vs ...g6: 4 Bg2 Bg7 5 Nf3} (7. Bd2 Nge7 8. Qc1 h6 9. O-O b6 10. a3 Bb7 11. Rb1 Rb8 12. b4 Nf5 13. Re1 O-O 14. e4 Nfe7 15. Bxh6 {1-0 (51) Iturrizaga Bonelli,E (2637)-Durarbayli,V (2620) chess.com INT 2019}) 7... Nge7 8. b3 d5 9. h4 $146 {The position is equal.} ({Predecessor:} 9. Bb2 d4 10. Na4 b6 11. e3 Rb8 12. O-O O-O 13. a3 e5 14. exd4 exd4 {½-½ (51) Zude,E (2408)-Vishnu,P (2534) Sharjah 2017}) 9... h5 10. a3 b6 11. Rb1 Bb7 12. O-O O-O 13. Rd1 Nd4 14. Ne1 Qd7 15. e3 Ndf5 16. cxd5 exd5 17. Ne2 d4 18. e4 Nh6 (18... Nd6 $11) 19. b4 $1 $14 Rac8 20. bxc5 bxc5 21. Qa2 Ba6 22. Bg5 Nc6 (22... c4 $11) 23. Nf4 $1 $16 {[%cal Rf4g6] Nxg6 is the strong threat.} c4 24. dxc4 Ng4 {next ...f6 is good for Black.} 25. c5 {Threatens to win with Nxg6.} Nce5 {And now ...Bc4 would win.} 26. Rbc1 {aiming for Nd5.} Qa4 27. Be7 Rfe8 28. Bd6 Bf8 $2 {[#]} ({Better is} 28... Nc4 $1 $14) 29. Bxf8 $1 $18 Kxf8 30. Qa1 Nc6 $2 {[#]} (30... Kg8 31. Qxd4 Qxd4 32. Rxd4 Kg7) 31. Nc2 $1 Rcd8 32. Nd5 Be2 (32... Kg7 $142 33. Nxd4 f6) 33. Rxd4 {White is clearly winning.} Nxd4 34. Nxd4 Kg8 35. Nxe2 Rxd5 36. exd5 Rxe2 37. Bf3 Rd2 38. Qc3 {Accuracy: White = 74%, Black = 42%.} 1-0

[Event "18th IRI-chT Super League 2019"]
[Site "Tehran"]
[Date "2019.11.26"]
[Round "6.2"]
[White "Mosadeghpour, Masoud"]
[Black "Ghaem Maghami, Ehsan"]
[Result "1-0"]
[WhiteElo "2500"]
[BlackElo "2552"]
[Annotator "RC"]
[PlyCount "99"]
[EventDate "2019.11.23"]
[EventType "team-tourn"]
[EventCountry "IRI"]
[SourceTitle "playchess.com"]
[Source "ChessBase"]
[SourceQuality "1"]
[TimeControl "5400+30"]

1. e4 e5 2. Nf3 Nc6 3. Bb5 a6 4. Ba4 Nf6 5. O-O Be7 6. Re1 b5 7. Bb3 d6 8. c3 O-O 9. h3 Nb8 10. d4 Nbd7 11. c4 c6 12. Nc3 b4 13. Ne2 Nxe4 14. Qc2 f5 15. c5+ d5 16. Be3 Kh8 {[%emt 1:06:26]} 17. Nxe5 {[%emt 0:04:59]} Nxe5 {[%emt 0:00:23]} 18. dxe5 {[%emt 0:00:02]} f4 {[%emt 0:00:16]} 19. Nxf4 {[%emt 0:01:44]} Bf5 {[%emt 0:00:30]} 20. g4 {[%emt 0:10:41]} Bc8 {[%emt 0:03:22]} 21. Rad1 {[%emt 0:12:24]} Ng5 {[%emt 0:04:49]} 22. Kg2 {[%emt 0:01:43]} Qc7 {[%emt 0:03:47]} 23. Bc1 {[%emt 0:10:50]} a5 {[%emt 0:02:49]} 24. Ba4 {[%emt 0:08:33]} Rb8 {[%emt 0:04:01]} 25. f3 {[%emt 0:04:45]} Nxf3 {[%emt 0:03:11]} 26. Kxf3 {[%emt 0:00:56]} g5 {[%emt 0:00:02]} 27. e6 {[%emt 0:02:51]} Ba6 {[%emt 0:03:25]} 28. b3 {[%emt 0:07:41]} Kg8 {[%emt 0:01:32]} 29. Kg2 {[%emt 0:00:35]} gxf4 {[%emt 0:00:58]} 30. Kf3 {[%emt 0:00:15]} Rbe8 {[%emt 0:01:14]} 31. Bb2 {[%emt 0:01:12]} Bh4 {[%emt 0:04:36]} 32. Re5 {[%emt 0:06:34]} Bf6 {[%emt 0:01:21]} 33. Rde1 {[%emt 0:03:54]} Bb7 {[%emt 0:00:58]} 34. Rf5 {[%emt 0:07:36]} Qg7 {[%emt 0:00:49]} 35. h4 {[%emt 0:06:01]} Bxb2 {[%emt 0:01:59]} 36. Rg5 {[%emt 0:00:06]} Bc3 {[%emt 0:00:06]} 37. Re2 {[%emt 0:01:43]} Rf6 {[%emt 0:00:15]} 38. Rxg7+ {[%emt 0:02:13]} Kxg7 {[%emt 0:00:01]} 39. g5 {[%emt 0:00:47]} Rfxe6 {[%emt 0:00:20]} 40. Rxe6 {[%emt 0:00:14]} Rxe6 {[%emt 0:00:24]} 41. Qf5 {[%emt 0:00:32]} Re7 {[%emt 0:02:13]} 42. h5 {[%emt 0:00:31]} Re3+ {[%emt 0:00:41]} 43. Kxf4 {[%emt 0:01:25]} Bd2 {[%emt 0:00:30]} 44. Kg4 {[%emt 0:01:54]} Ba6 {[%emt 0:00:10]} 45. Qf6+ {[%emt 0:02:34]} Kg8 {[%emt 0:00:04]} 46. Qd8+ {[%emt 0:00:49]} Kf7 {[%emt 0:00:29]} 47. Qc7+ {[%emt 0:00:45]} Re7 {[%emt 0:00:12]} 48. g6+ {[%emt 0:00:50]} hxg6 {[%emt 0:00:02]} 49. hxg6+ {[%emt 0:00:06]} Kf6 {[%emt 0:00:04]} 50. Qd6+ {[%emt 0:00:09]} 1-0

[Event "18th IRI-chT Super League 2019"]
[Site "Tehran"]
[Date "2019.11.26"]
[Round "6.3"]
[White "Martirosyan, Haik M."]
[Black "Pour Agha Bala, Amirreza"]
[Result "1-0"]
[WhiteElo "2607"]
[BlackElo "2420"]
[Annotator "TA"]
[PlyCount "81"]
[EventDate "2019.11.23"]
[EventType "team-tourn"]
[EventCountry "IRI"]
[SourceTitle "playchess.com"]
[Source "ChessBase"]
[SourceQuality "1"]

{[%evp 14,81,71,28,36,15,31,0,10,11,15,11,18,-7,0,0,35,30,68,67,174,174,168,175,163,164,224,216,204,199,172,98,100,116,151,133,234,226,210,204,418,418,475,474,461,433,410,270,465,270,360,369,389,423,412,406,362,318,1114,1070,7457,6993,6075,6300,5264,5671,5306,5418,5089,1380]} 1. e4 c5 2. Nf3 d6 3. d4 cxd4 4. Nxd4 Nf6 5. Nc3 Nc6 6. h3 e6 7. g4 a6 8. Bg2 Qc7 {B81: Sicilian Scheveningen: Keres Attack} (8... Nd7 9. Be3 Be7 10. Qe2 O-O 11. O-O-O Nxd4 12. Bxd4 b5 13. e5 d5 14. f4 b4 15. Na4 Bb7 16. b3 {0-1 (26) Caruana,F (2774)-Karjakin,S (2782) Moscow 2013}) 9. a4 Be7 10. O-O O-O {The position is equal.} 11. g5 Nd7 12. Nce2 Nc5 $146 ({Predecessor:} 12... Re8 13. Be3 Nde5 14. b3 Bd7 15. c4 Nxd4 16. Nxd4 {1-0 (31) Ramirez Medina,V (2230)-Guillermo Gonzalez,A (1995) Las Palmas 2019}) 13. f4 f6 14. h4 fxg5 15. hxg5 e5 16. Nf5 Ne6 (16... Bd8 $14) 17. Nxe7+ $18 Qxe7 18. f5 $1 Nxg5 19. Ra3 h6 (19... Nd4 $142 20. Nxd4 exd4 21. Qxd4 Nf7) 20. Rg3 $1 Bd7 21. Nc3 {Black must now prevent Nd5.} Nb4 22. Nd5 (22. Bxg5 $18 hxg5 23. Qd2) 22... Nxd5 $16 23. Qxd5+ Qf7 {Threatening ...Qxd5.} 24. Qxd6 Bxa4 (24... Bc6 $16) 25. Bxg5 $18 (25. Qxe5 Rae8 $16) 25... hxg5 26. Rxg5 ({Not} 26. Qxe5 Qf6 $14) 26... Rad8 $2 (26... Qf6 {was necessary.} 27. Qd5+ {[%mdl 64] Double Attack} Rf7) 27. Qxe5 Bb5 28. Rf4 Rde8 29. Qc3 Qf6 30. Qg3 Re7 $2 {[#]} (30... Qd4+ {might work better.} 31. Kh2 Kf7) 31. Kh2 (31. e5 $142 $1 {[%mdl 512]} Rxe5 {[#]} 32. Rxg7+ $1 {[%mdl 512]} Qxg7 33. Rg4 $1 {[%mdl 512]}) 31... Be8 32. Rfg4 Rff7 33. Rg6 Qe5 {[#]} 34. f6 $1 {[%cal Rg6g7][%mdl 512] Hoping for Rxg7+.} Qxg3+ (34... Rxf6 35. Rxg7+) 35. Kxg3 Rc7 $2 (35... Re6 36. Rxg7+ Rxg7 37. Rxg7+ Kf8 38. Rxb7 Rxf6) 36. e5 {White is clearly winning.} Kf8 37. Rxg7 Rxg7 38. fxg7+ Rxg7 39. Rxg7 Kxg7 40. Bxb7 a5 41. Kf4 {Accuracy: White = 73%, Black = 30%.} (41. c4 $142 Kf7 42. Bd5+ Ke7 43. Kf4) 1-0

[Event "18th IRI-chT Super League 2019"]
[Site "Tehran"]
[Date "2019.11.26"]
[Round "6.4"]
[White "Mousavi, Seyed Khalil"]
[Black "Gholami, Aryan"]
[Result "1-0"]
[WhiteElo "2501"]
[BlackElo "2549"]
[Annotator "TA"]
[PlyCount "99"]
[EventDate "2019.11.23"]
[EventType "team-tourn"]
[EventCountry "IRI"]
[SourceTitle "playchess.com"]
[Source "ChessBase"]
[SourceQuality "1"]

{[%evp 9,99,27,18,18,39,37,33,31,42,39,41,-32,-25,-33,-43,-46,0,0,0,0,63,60,68,68,68,66,79,79,75,66,76,52,51,47,48,46,50,42,54,54,65,47,47,47,59,59,59,44,81,87,164,163,325,325,325,264,390,390,461,445,393,399,474,452,427,431,1244,501,479,471,1184,1172,1029,1190,1097,1045,1144,1131,1039,1075,1002,881,1071,1064,1027,1078,1002,979,1200,1164,1170,1072]} 1. e4 c6 2. d4 d5 3. e5 Bf5 4. g4 Bd7 5. Nc3 e6 6. Be3 {B12: Caro-Kann: Advance Variation} c5 (6... Ne7 7. Qd2 h5 8. g5 g6 9. Bd3 Na6 10. a3 Nc7 11. Nge2 Nf5 12. Bxf5 exf5 {½-½ (41) Nepomniachtchi,I (2732)-Anand,V (2786) Leuven 2017}) 7. dxc5 Qc7 8. Nb5 {White is slightly better.} Bxb5 $1 9. Bxb5+ Nc6 {And now ...Qa5+ would win.} 10. Bxc6+ $146 (10. c3 $14) ({Predecessor:} 10. c3 Qxe5 11. Nf3 Qc7 12. Qa4 a6 {1-0 (36) Antipov,M (2580)-Mesaros,F (2415) Biel 2017}) 10... Qxc6 $15 11. Qd4 Rc8 12. b4 b6 13. cxb6 axb6 14. Ne2 $36 {[%mdl 2048] White has good play.} h5 (14... Bxb4+ $11 15. Qxb4 d4) 15. g5 $1 $14 b5 16. c3 Ne7 17. Qb6 Ra8 18. Qxc6+ Nxc6 19. f4 Ra3 20. Kd2 Be7 21. Rhb1 Kd7 22. Rb3 Ra4 23. Kc2 Rha8 24. a3 g6 25. Kb2 Bf8 26. Nc1 Ne7 27. Nd3 Nf5 28. Bf2 Be7 29. Kc2 Kc6 (29... Rc8 $16 {was necessary.}) 30. Nb2 $1 $18 Ng7 $2 (30... R4a6 31. a4 Kb7) 31. Nxa4 Rxa4 32. Bc5 Bxc5 (32... Nf5 {was called for.} 33. Bxe7 Nxe7) 33. bxc5 Rxf4 {[%mdl 4096] Endgame [#] KRR-KRN} 34. Rb4 $1 {[%cal Rb4f4]} Rf2+ {[#]} 35. Kb3 $1 Nf5 36. a4 {White is clearly winning.} bxa4+ 37. Rbxa4 d4 (37... Kxc5 $142 38. Ra6 Nd4+ 39. cxd4+ Kxd4) 38. Kc4 (38. c4 $142 {Ra6+ would kill now.} Ne7 39. Ra7) 38... Ne3+ 39. Kd3 Ng4 (39... Nd5 $142 40. Ra6+ (40. Kxd4 Rf4+ 41. Kd3 Rf3+ 42. Ke2 Rxc3 $16) (40. cxd4 Rxh2 41. Ra6+ Kb5 $18) (40. Rxd4 Rxh2 41. Ra5 Kb7 $16) 40... Kc7 41. Ra7+ (41. Kxd4 Rf4+ 42. Kd3 Rf3+ 43. Ke2 Rxc3 $18) (41. cxd4 Nb4+ 42. Ke3 Rxh2 $18) 41... Kc6 42. cxd4 Rxh2 43. Rxf7 Rh3+ 44. Ke2 Nc3+ 45. Kf2 Ne4+ 46. Kg2 Rg3+ 47. Kh2 Rc3 48. Ra6+ Kd5 49. Rd7+ Kc4) 40. Ra6+ Kd5 41. Rd6+ Kxe5 42. cxd4+ Kf4 43. c6 Rf3+ 44. Kc4 Ne3+ 45. Kb5 Nf5 46. Rd7 Rb3+ 47. Ka6 Rc3 48. c7 Ke4 49. Rb1 Nxd4 50. Kb7 {Accuracy: White = 73%, Black = 34%.} 1-0

[Event "18th IRI-chT Super League 2019"]
[Site "Tehran"]
[Date "2019.11.26"]
[Round "6.5"]
[White "Zahedifar, Anahita"]
[Black "Alinasab, Mobina"]
[Result "0-1"]
[WhiteElo "2074"]
[BlackElo "2318"]
[Annotator "TA"]
[PlyCount "86"]
[EventDate "2019.11.23"]
[EventType "team-tourn"]
[EventCountry "IRI"]
[SourceTitle "playchess.com"]
[Source "ChessBase"]
[SourceQuality "1"]

{[%evp 9,86,-12,18,19,32,0,33,0,1,6,12,0,0,0,23,11,29,6,2,-81,-64,-91,-85,-124,-112,-159,-165,-176,-190,-169,-160,-167,-159,-159,-167,-158,-156,-216,-220,-287,-206,-210,-198,-199,-201,-213,-208,-293,-292,-311,-244,-250,-237,-273,-270,-270,-245,-268,-200,-250,-228,-241,-286,-257,-227,-360,-191,-720,-462,-783,-756,-805,-809,-797,-807,-802,-783,-2445,-2266]} 1. d4 Nf6 2. c4 a6 3. g3 e6 4. Bg2 d5 5. Nc3 c6 6. Nf3 {A50: Queen's Fianchetto Defence (1 d4 Nf6 2 c4 b6)} Nbd7 7. a4 Bd6 8. Bf4 $146 {White is slightly better.} ({Predecessor:} 8. O-O O-O 9. e4 Nxe4 10. Nxe4 dxe4 11. Ng5 Nf6 12. Nxe4 Nxe4 13. Bxe4 f5 14. Bg2 {1-0 (51) Ftacnik,L (2573)-Saltaev,M (2514) Hamburg 2007}) 8... Bxf4 9. gxf4 dxc4 10. Nd2 Nd5 11. e3 Qb6 12. Nce4 Qb4 13. Qc2 b5 14. Nc3 (14. O-O $11) 14... Bb7 $17 15. O-O O-O 16. Kh1 Qe7 17. Bxd5 exd5 ({Much less strong is} 17... cxd5 18. axb5 axb5 19. Nxb5 $15) 18. Rg1 Kh8 19. Ne2 Nf6 20. Ng3 {intending Nf5.} Bc8 21. Nf3 b4 22. Ne5 c5 23. f3 (23. Qd1 $17) 23... cxd4 $19 24. Qg2 {[#] And now Nf5! would win.} g6 25. exd4 Ne8 26. f5 Ng7 27. Rae1 {Hoping for Nxg6+!} Qh4 28. f4 (28. fxg6 {was called for.} fxg6 29. Qd2) 28... Nxf5 29. Qxd5 Nxg3+ 30. Rxg3 Be6 31. Qe4 {With the idea d5.} Rad8 {[#] aiming for ...Bd5.} 32. Kg1 Qf6 33. Qe3 Bf5 34. Rd1 Qe6 {...f6 is the strong threat.} 35. Qc1 Rc8 {Strongly threatening ...f6.} 36. d5 Qb6+ 37. Kg2 (37. Kf1 {is a better defense.} Qc5 38. d6) 37... Be4+ (37... Qc5 $142 38. Nc6 Bd7) 38. Kh3 $2 (38. Kf1) 38... Qd6 {Black is clearly winning.} 39. Qd2 (39. Re3 $142 Bxd5 40. Qd2) 39... f6 40. Qd4 Bf5+ 41. Kg2 fxe5 42. fxe5 Qc5 43. Qh4 Bd3 {Accuracy: White = 28%, Black = 58%.} 0-1

[Event "18th IRI-chT Super League 2019"]
[Site "Tehran"]
[Date "2019.11.26"]
[Round "6.6"]
[White "Molaei, Mohammadamin"]
[Black "Daneshvar, Bardiya"]
[Result "1/2-1/2"]
[WhiteElo "2321"]
[BlackElo "2327"]
[Annotator "TA"]
[PlyCount "113"]
[EventDate "2019.11.23"]
[EventType "team-tourn"]
[EventCountry "IRI"]
[SourceTitle "playchess.com"]
[Source "ChessBase"]
[SourceQuality "1"]

{[%evp 19,113,5,57,0,8,-25,-30,-31,-35,-38,-23,-42,-44,-56,-70,-245,-243,-289,-241,-221,-150,-143,-144,-141,-152,-152,-142,-140,-145,-150,-150,-150,-135,-111,-117,-142,-152,-312,-310,-307,-297,-345,-334,-341,-331,-308,-331,-327,-330,-312,-260,-262,-257,-299,-290,-279,-197,-198,-193,-231,-212,-230,-232,-256,-268,-310,-304,-470,-97,-95,-91,-84,-81,-85,-88,-152,-177,-294,-162,-276,-213,-173,-27,-27,-27,-64,0,-8,-8,-8,-8,-8,-8,-8,-8,-8]} 1. d4 d5 2. c4 c6 3. cxd5 cxd5 4. Bf4 Nc6 5. e3 Nf6 6. Nc3 a6 7. Rc1 e6 8. Bd3 Be7 9. Nf3 Bd7 10. O-O O-O (10... Nh5 $1 $11) 11. Bb1 {D13: Slav Defence: Exchange variation without ...Bf5} (11. Ne5 Rc8 12. Qf3 Be8 13. Qh3 Kh8 14. Bg5 g6 15. Bh6 Rg8 16. f4 Nd7 17. Nxc6 Rxc6 18. e4 dxe4 19. Bxe4 Rb6 {½-½ (48) Kramnik,V (2785)-Kamsky,G (2714) Moscow 2007}) 11... Nh5 12. Ne5 $146 ({Predecessor:} 12. Qd3 f5 13. Bg3 Nxg3 14. hxg3 Rf6 15. g4 Nb4 16. Qe2 fxg4 17. Ne5 g3 18. Qh5 Rh6 {1-0 (62) Gruz,E-Mleko,K Bartkowa 2002}) 12... Nxf4 13. exf4 {Black has an edge.} Nxe5 14. fxe5 Qb6 15. f4 Qxb2 16. Rf3 Rac8 {[#] And now ...Ba4! would win.} 17. Rh3 $2 (17. Bxh7+ $1 $15 {[%mdl 512]} Kxh7 18. Rb1 Qxc3 19. Rxc3 Rxc3 20. Rxb7) 17... g6 $1 $19 18. f5 {and the idea Rc2 leaves White hopeful.} exf5 (18... gxf5 $2 19. Rc2 $18) 19. Rc2 Qb6 20. Nxd5 {[#]} Qd8 $1 21. Rxc8 Bxc8 22. Nxe7+ Qxe7 23. Qd2 h5 24. Bc2 Rd8 25. Rd3 Bd7 26. Bb3 Bb5 27. Rg3 {aiming for Rxg6+.} Kg7 28. Re3 $2 {[#]} (28. Qc3 $17) 28... Qc5 $1 {[%mdl 512]} 29. dxc5 Rxd2 {[%mdl 4096] Endgame KRB-KRB} 30. g3 Bc6 31. h4 {[#]} f4 $1 {[%mdl 512]} 32. gxf4 Rg2+ 33. Kf1 Rg4 34. f5 Rf4+ (34... Rxh4 35. f6+ Kf8 36. Ke2 $17) 35. Ke2 Rxf5 ({Don't take} 35... gxf5 36. Rg3+ Rg4 37. Kf2 $19) 36. Bc2 Rf4 37. e6 {intending e7.} fxe6 ({Much less strong is} 37... Rxh4 38. e7 $17) 38. Rxe6 Rxh4 39. Rxg6+ Kf7 40. Rd6 Rh2+ 41. Kd3 Kg7 42. Kc3 Rg2 43. Bd3 (43. Bf5 {might work better.}) 43... Rxa2 $2 (43... h4 $19 44. Bf1 Rg3+ 45. Kb4 h3 46. Bxh3 Rxh3) 44. Rg6+ $17 {[#]} Kf8 $1 45. Rh6 Rh2 {Strongly threatening ...a5.} 46. Bxa6 Kg7 47. Rd6 ({White should play} 47. Re6) 47... Rf2 48. Bc4 (48. Bd3 $142) 48... Rf5 (48... h4 $142 49. Rd3 Rg2) 49. Kd4 (49. Bd3 $142 Rg5 50. Re6) 49... h4 {...h3 is the strong threat.} 50. Be6 Rg5 (50... Rf4+ $19 51. Ke5 Re4+ 52. Kf5 h3) 51. Bc8 $11 Bg2 52. Rb6 Rg6 (52... h3 $1 $15 53. Bxh3 Bxh3 54. Rxb7+ Kh6) 53. Ke3 {The position is equal.} h3 {Hoping for ...Rxb6.} 54. Rxg6+ Kxg6 55. Kf2 Kf6 56. Kg3 Ke5 {[#]} 57. Bxb7 $1 {[%mdl 512] Accuracy: White = 43%, Black = 62%.} 1/2-1/2

[Event "18th IRI-chT Super League 2019"]
[Site "Tehran"]
[Date "2019.11.26"]
[Round "6.7"]
[White "Rastbod, Ali"]
[Black "Moradi, Amirmasoud"]
[Result "1-0"]
[WhiteElo "2326"]
[BlackElo "2307"]
[Annotator "TA"]
[PlyCount "57"]
[EventDate "2019.11.23"]
[EventType "team-tourn"]
[EventCountry "IRI"]
[SourceTitle "playchess.com"]
[Source "ChessBase"]
[SourceQuality "1"]

{[%evp 9,57,48,51,40,54,43,104,106,116,73,121,133,131,123,185,201,234,181,189,164,171,141,142,142,167,161,247,249,244,245,347,354,374,371,417,432,421,422,488,478,483,458,467,474,759,759,837,841,804,813]} 1. Nf3 d5 2. c4 d4 3. b4 f6 4. e3 dxe3 (4... e5 5. c5 a5 6. Qa4+ Qd7 7. Bb5 c6 8. Bc4 Na6 9. exd4 e4 10. b5 Nb4 11. a3 exf3 12. axb4 Qxd4 {1-0 (28) Duda,J (2729)-Grischuk,A (2766) Paris 2019}) 5. fxe3 e5 6. c5 {A09: Réti Opening: 1 Nf3 d5 2 c4} Be6 7. d4 e4 (7... Ne7 $14) 8. Nfd2 $16 {White is better.} f5 9. Nc3 $146 ({Predecessor:} 9. Bc4 Qd7 10. Qb3 Bxc4 11. Nxc4 Nf6 12. O-O Qe6 {1-0 (29) Stukopin,A (2515)-Belenkaya,D (2203) St Petersburg 2013}) 9... Nf6 10. Bc4 Bxc4 11. Nxc4 g6 (11... Nd5 $16 {keeps fighting.}) 12. Qb3 $18 c6 13. b5 Nbd7 14. bxc6 bxc6 15. Qb7 Qc8 16. Rb1 h5 17. Na5 Rh7 (17... Qxb7 $142 18. Rxb7 Rh7) 18. Qxc6 Qxc6 19. Nxc6 Bh6 (19... h4 $142 20. O-O Kf7) 20. Ke2 Nf8 21. Ne5 Ng4 22. Nxg4 hxg4 {White is clearly winning.} 23. h3 Bg5 24. Ba3 gxh3 25. Rxh3 Rxh3 26. gxh3 Bd8 (26... Rc8 $142 27. Rb7 Be7) 27. Rb7 a6 28. c6 Rc8 29. d5 {Accuracy: White = 88%, Black = 25%.} 1-0

[Event "18th IRI-chT Super League 2019"]
[Site "Tehran"]
[Date "2019.11.26"]
[Round "6.8"]
[White "Delavari, Amirali"]
[Black "Gholami Orimi, Mahdi"]
[Result "0-1"]
[WhiteElo "2147"]
[BlackElo "2437"]
[Annotator "TA"]
[PlyCount "108"]
[EventDate "2019.11.23"]
[EventType "team-tourn"]
[EventCountry "IRI"]
[SourceTitle "playchess.com"]
[Source "ChessBase"]
[SourceQuality "1"]

{[%evp 9,108,16,16,11,12,-11,31,27,31,20,23,27,90,81,85,56,58,1,15,7,42,44,44,44,49,47,92,78,101,90,106,105,106,89,101,108,125,113,123,100,97,85,119,94,105,47,120,108,118,105,113,0,109,103,129,115,128,129,143,114,146,142,176,187,204,172,248,212,242,205,242,234,245,194,308,142,184,127,242,-268,-249,-261,-230,-395,-368,-358,-341,-348,0,-399,-399,-533,-526,-671,-653,-705,-725,-870,-866,-945,-725]} 1. d4 f5 2. g3 Nf6 3. Bg2 g6 4. c3 Bg7 5. Qb3 Nc6 6. Nf3 {A81: Dutch Defence: 2 g3} d5 (6... e6 {feels hotter.} 7. O-O O-O 8. Rd1 d6 9. Bg5 h6) (6... e6 7. Ne5 a5 8. Na3 O-O 9. Nac4 a4 10. Qc2 Ne7 11. O-O d6 12. Nd3 Nc6 13. Bd2 Ne4 {½-½ (43) Hertneck,G (2492)-Anton Guijarro,D (2649) Germany 2018}) 7. c4 e6 8. Nc3 {White is slightly better.} O-O 9. cxd5 exd5 10. Bf4 $146 ({Predecessor:} 10. Bg5 Ne7 11. Ne5 c6 12. O-O h6 13. Bxf6 Bxf6 {1-0 (44) Scheffner,A (2426)-Halldorsson,G (2318) IECG email 2000}) 10... Ne7 (10... Na5 $11 11. Qc2 Nc4) 11. Nb5 Ne8 12. Be5 c6 13. Bxg7 (13. Nc3 $14) 13... Kxg7 $11 14. Nc3 Nd6 15. e3 a5 16. Na4 Nc4 17. O-O b6 18. Rfd1 Be6 19. Rac1 Bg8 20. Qc2 Rc8 21. Qe2 Rf6 22. b3 Nd6 23. Nb2 Bf7 24. Ne5 Be8 25. Rc2 Re6 26. f4 Ne4 27. Na4 (27. Rdc1 $16) 27... Rd6 ({Black should try} 27... c5 $14) 28. Rdc1 Rb8 29. Nc3 Nf6 30. Na4 (30. h3 $16) 30... Qc8 (30... Ne4 $11) 31. h3 Qb7 32. Kh2 Rc8 33. g4 Rc7 34. Bf1 Qb8 35. Qg2 fxg4 36. hxg4 Nd7 37. Bd3 Nf8 (37... Kh8 $142 38. Qh3 Re6) 38. Nc3 Rc8 39. Qg3 Rf6 40. Qh4 c5 41. Ne2 Nc6 (41... Qd6 $142 42. Kg2 Re6) 42. g5 (42. Ng3 $18 {is the precise move to win.}) 42... Re6 $16 43. Ng3 (43. Rc3 $18) 43... Nb4 {[#]} (43... Kg8 $16) 44. f5 $4 {[%mdl 8192]} (44. Qh6+ $1 $18 Kg8 45. Nh5 (45. dxc5 $2 Rxe5 {[%mdl 64] Remove Defender} 46. fxe5 Nxd3 $19)) 44... Rxe5 $1 $19 45. dxe5 {Threatens to win with e6.} Nxd3 46. Rd1 $2 (46. e6 {keeps fighting.} gxf5 47. Rd1) 46... Nxe5 {And now ...Nf3+ would win.} 47. Rf2 Bf7 48. Rdf1 gxf5 $2 {[#]} (48... Kh8 $19 {aiming for ...gxf5.} 49. Kg1 Re8) 49. Rxf5 $2 {[%mdl 8192]} (49. Nxf5+ $11 {and White is okay.} Kh8 50. Kg1) 49... Bg6 50. Qf4 Re8 {Black is clearly winning.} 51. Rf6 Nfd7 52. Kg1 Nxf6 53. Qxf6+ Kg8 54. Rf4 Qd8 {Accuracy: White = 22%, Black = 45%.} 0-1